Introduction to cryptography : principles and applications (Record no. 9587)

000 -LEADER
fixed length control field 00588 a2200181 4500
020 ## - INTERNATIONAL STANDARD BOOK NUMBER
International Standard Book Number 3540422781
040 ## - CATALOGING SOURCE
Original cataloging agency Library of Congress
Language of cataloging English
100 1# - MAIN ENTRY--PERSONAL NAME
Personal name Delfs, Hans.
245 10 - TITLE STATEMENT
Title Introduction to cryptography : principles and applications
Statement of responsibility, etc. Hans Delfs, Helmut Knebl.
260 ## - PUBLICATION, DISTRIBUTION, ETC.
Place of publication, distribution, etc. Berlin ;
-- New York :
Name of publisher, distributor, etc. Springer,
Date of publication, distribution, etc. c2002.
300 ## - PHYSICAL DESCRIPTION
Extent xiv, 310 p. ;
Dimensions 24 cm.
440 #0 - SERIES STATEMENT/ADDED ENTRY--TITLE
Title Information security and cryptography
650 #0 - SUBJECT ADDED ENTRY--TOPICAL TERM
Topical term or geographic name entry element Computer security.
650 #0 - SUBJECT ADDED ENTRY--TOPICAL TERM
Topical term or geographic name entry element Cryptography.
650 #0 - SUBJECT ADDED ENTRY--TOPICAL TERM
Topical term or geographic name entry element Data encryption (Computer science)
700 1# - ADDED ENTRY--PERSONAL NAME
Personal name Knebl, Helmut.
942 ## - ADDED ENTRY ELEMENTS (KOHA)
Koha item type Book
Call number prefix 005.82 DEL
Source of classification or shelving scheme
Holdings
Withdrawn status Lost status Damaged status Not for loan Collection code Permanent Location Current Location Shelving location Date acquired Source of acquisition Cost, normal purchase price Total Checkouts Full call number Barcode Date last seen Date last checked out Price effective from Koha item type
          Central Library (CL) Central Library (CL) First Floor - Artificial Intelligence/Data Mining 02/22/2003 Pak Book Corporation 2798.50 3 005.82 DEL SEECS003131 05/30/2025 09/15/2024 01/05/2017 Book
© 2023 Central Library, National University of Sciences and Technology. All Rights Reserved.